000 00362 a2200145 4500
001 150625
040 _cEscola São Tomás de Aquino
100 _aCRUZ, Therezinha M. L. da
240 1 0 _aVagas para quem quer viver
_lpor
245 1 0 _aVagas para quem quer viver
300 _a55
440 1 _aFTD
697 _aValores, princípios / Filosofia
942 _cBK
999 _c150625
_d150625